Vinárstvo 2. [diel] Chémia. Mikrobiológia. Analytika vína

Uložené v:
Podrobná bibliografia
Hlavný autor: Laho, Ladislav (Author)
Médium: Kniha
Jazyk:Slovak
Vydané: Bratislava : Slovenské vydavateľstvo technickej literatúry, 1959.
Vydanie:1. vyd.
Edícia:Edícia literatúry pre potravinársky priemysel
ISBN: (viaz.)
Fyzický popis: 310, [1] s.
Tagy: Pridať tag
Žiadne tagy, Buďte prvý kto otaguje tento záznam!

MARC

LEADER 00000nam a2200000 a 4500
001 000171663
005 20100604220804.0
008 010901s1959 xo e 000 0 slo d
020 |a (viaz.)  |c Kčs 27 
040 |a SVKKK  |b slo  |c SVKKK  |e AACR2 
041 1 |a slo 
044 |a xo  |c SK 
100 1 |a Laho, Ladislav  |4 aut 
245 1 0 |a Vinárstvo  |n 2. [diel]  |p Chémia. Mikrobiológia. Analytika vína  |c Ladislav Laho. 
250 |a 1. vyd. 
260 |a Bratislava :  |b Slovenské vydavateľstvo technickej literatúry,  |c 1959. 
300 |a 310, [1] s. 
366 |e 2200 výtl. 
490 0 |a Edícia literatúry pre potravinársky priemysel 
500 |a Ilustr., pozn., lit., tab. 
500 |a Menný a vecný reg. 
910 |a svkkk 
998 |a BK 
090 |g SCKHL  |k Sklad Pribinova 1. posch.  |a IV.20728  |j 176701  |i 171663-20  |s Prezenčne 
090 |g SCKHL  |k Sklad Pribinova 1. posch.  |a IV.20876  |j 177330  |i 171663-10  |s Prezenčne